000 00632nam a2200193 i 4500
001 32983
003 ES-MaACL
007 t|
008 030131s1975 sp ||||1| spa d
100 1 _aBernard, Juan.
_928244
245 1 0 _aManual de hematología /
_cpor Juan Bernard, Jean-Paul Lévy ; prólogo Manuel Ribas Mundó ; versión B. Nomdedeu Tobella.
250 _a1ª ed.
260 _aBarcelona :
_bToray Masson,
_c[1975]
300 _a281 p. :
_bil. ;
_c21 cm.
700 1 _aLévy, Jean-Paul.
_972003
700 1 _aRibas Mundó, Manuel.
_996730
700 1 _aNomdedeu Tobella, B.
_985934
852 _aES-MaACL
_jE-8598
_bR.93050
999 _c32983
_d32983